Sudden Death Tennessee cities - Statistics

General Stats
  • This quiz has been taken 51 times
  • The average score is 6 of 11
Answers on the Grid
Answers color-coded by a green-red scale on the quiz's grid according to % correct below.
Nashville
Memphis
Knoxville
Galveston
Los Angeles
Charleston
Fayetteville
Birmingham
Mobile
Madison
Seattle
White House
Houston
Dallas
Shelbyville
Ashville
Morris
Wartrace
Bell buckle
Chattanooga
 
Answer Stats
Answer % Correct
Knoxville
95%
Nashville
95%
Memphis
93%
Chattanooga
78%
Shelbyville
66%
White House
49%
Wartrace
41%
Bell buckle
29%
Fayetteville
27%
Madison
27%
Charleston
7%
No matching quizzes found
Score Distribution
Percent of People with Each Score
Percentile by Number Answered
Your Score History
You have not taken this quiz